World Capitals starting with K - Statistics

General Stats
  • This quiz has been taken 43 times
  • The average score is 8 of 11
Answer Stats
Capital % Correct
Kampala
86%
Kigali
82%
Kingston
79%
Kingstown
79%
Kabul
75%
Khartoum
75%
Kiev | Kyiv
75%
Kathmandu
71%
Kuwait City
71%
Kuala Lumpur
68%
Kinshasa
64%
No matching quizzes found
Score Distribution
Percent of People with Each Score
Percentile by Number Answered
Your Score History
You have not taken this quiz